[Event "Titled Tuesday intern op 22nd Aug Early"]
[Site "Chess.com INT"]
[Date "2023.08.22"]
[Round "6"]
[White "Perera Alfonso, Rene Humberto"]
[Black "Sadzikowski, Daniel"]
[Result "0-1"]
[WhiteElo "2298"]
[BlackElo "2495"]
[PlyCount "78"]
[EventDate "2023.08.22"]
[EventType "swiss (blitz)"]
[EventRounds "11"]
[EventCountry "USA"]
[SourceTitle "EXT 2024"]
[Source "ChessBase"]
[SourceDate "2023.10.10"]
[SourceVersion "1"]
[SourceVersionDate "2023.10.10"]
[SourceQuality "1"]

1. e4 c6 2. d4 d5 3. Nc3 dxe4 4. Nxe4 Bf5 5. Ng3 Bg6 6. h4 h6 7. N1e2 e6 8. Nf4 Bh7 9. Bc4 Nf6 10. 0-0 Bd6 11. c3 Qc7 12. Qf3 Nbd7 13. Bxe6 fxe6 14. Nxe6 Qa5 15. Nxg7+ Kf7 16. Bxh6 Qd5 17. Qxd5+ Nxd5 18. N7f5 Bc7 19. Bg5 Bxf5 20. Nxf5 Nf8 21. Rfe1 b5 22. a4 Nh7 23. axb5 Nxg5 24. hxg5 cxb5 25. g3 a5 26. f4 Rae8 27. Nh6+ Kg6 28. Kf2 a4 29. Kf3 Rhf8 30. Rxe8 Rxe8 31. c4 bxc4 32. Rxa4 Re3+ 33. Kg4 Rb3 34. Rxc4 Ne3+ 35. Kh4 Nxc4 36. f5+ Kg7 37. g4 Rxb2 38. f6+ Kg6 39. d5 Rh2# 0-1

[Event "Titled Tuesday intern op 16th May Early"]
[Site "Chess.com INT"]
[Date "2023.05.16"]
[Round "1"]
[White "Perera Alfonso, Rene Humberto"]
[Black "Ter Sahakyan, Samvel"]
[Result "0-1"]
[WhiteElo "2320"]
[BlackElo "2617"]
[PlyCount "44"]
[EventDate "2023.05.16"]
[EventType "swiss (blitz)"]
[EventRounds "11"]
[EventCountry "USA"]
[SourceTitle "CBM 214 Extra"]
[Source "ChessBase"]
[SourceDate "2023.07.31"]
[SourceVersion "1"]
[SourceVersionDate "2023.07.31"]
[SourceQuality "1"]

1. e4 c5 2. Nf3 e6 3. d4 cxd4 4. Nxd4 Nf6 5. Nc3 Nc6 6. Ndb5 Bc5 7. Nd6+ Ke7 8. Bf4 e5 9. Nf5+ Kf8 10. Bg5 Bb4 11. Ne3 Qa5 12. Nc4 Bxc3+ 13. bxc3 Qxc3+ 14. Bd2 Qd4 15. c3 Qxe4+ 16. Be3 d5 17. Nd6 Qg4 18. Qb3 Qd7 19. Bc5 Kg8 20. Be2 Qc7 21. 0-0 b6 22. Ba3 Be6 0-1

[Event "Titled Tuesday intern op 09th May Early"]
[Site "Chess.com INT"]
[Date "2023.05.09"]
[Round "4"]
[White "Perera Alfonso, Rene Humberto"]
[Black "Manon Og, Ramon Jr"]
[Result "1-0"]
[WhiteElo "2320"]
[BlackElo "1999"]
[PlyCount "133"]
[EventDate "2023.05.09"]
[EventType "swiss (blitz)"]
[EventRounds "11"]
[EventCountry "USA"]
[SourceTitle "CBM 214 Extra"]
[Source "ChessBase"]
[SourceDate "2023.07.31"]
[SourceVersion "1"]
[SourceVersionDate "2023.07.31"]
[SourceQuality "1"]

1. e4 c5 2. Nf3 d6 3. d4 cxd4 4. Nxd4 Nf6 5. Nc3 a6 6. Be3 e5 7. Nb3 Be7 8. h3 0-0 9. Qf3 Be6 10. 0-0-0 Nbd7 11. g4 h6 12. Rg1 Nh7 13. Kb1 Rc8 14. Nd5 Bxd5 15. exd5 Qc7 16. Bd3 Ng5 17. Qg2 Nf6 18. h4 e4 19. hxg5 exd3 20. cxd3 Qc2+ 21. Ka1 hxg5 22. Rh1 Rfe8 23. Qh3 Kf8 24. Qh8+ Ng8 25. Bd4 Bf6 26. Bxf6 gxf6 27. Nd4 Qxf2 28. Nf5 Re7 29. Qg7+ Ke8 30. Qxg8+ Kd7 31. Qxc8+ Kxc8 32. Nxe7+ Kd7 33. Nf5 Qf3 34. Rde1 Qxd5 35. Re7+ Kc6 36. Re4 Qxd3 37. Rc1+ Kb6 38. Rd4 Qe2 39. Rxd6+ Ka7 40. Rd4 a5 41. a3 Ka6 42. Rd6+ Ka7 43. Rxf6 Qxg4 44. Rxf7 Qf4 45. Rcc7 Qf1+ 46. Ka2 Ka6 47. Rf6+ Ka7 48. Rxb7+ Ka8 49. Rf8+ Kxb7 50. Nd6+ Kc6 51. Rxf1 Kxd6 52. Rf5 Kc6 53. Rxg5 Kb6 54. Kb3 Ka6 55. Ka4 Kb6 56. Rxa5 Kb7 57. b4 Kb6 58. Rc5 Ka6 59. Rc6+ Kb7 60. b5 Ka7 61. Ka5 Kb7 62. a4 Ka7 63. Rc7+ Kb8 64. b6 Ka8 65. Ka6 Kb8 66. a5 Ka8 67. Rc8# 1-0

[Event "Titled Tuesday intern op 09th May Early"]
[Site "Chess.com INT"]
[Date "2023.05.09"]
[Round "6"]
[White "Perera Alfonso, Rene Humberto"]
[Black "Papasimakopoulos, Alexandros"]
[Result "1-0"]
[WhiteElo "2320"]
[BlackElo "2401"]
[PlyCount "123"]
[EventDate "2023.05.09"]
[EventType "swiss (blitz)"]
[EventRounds "11"]
[EventCountry "USA"]
[SourceTitle "CBM 214 Extra"]
[Source "ChessBase"]
[SourceDate "2023.07.31"]
[SourceVersion "1"]
[SourceVersionDate "2023.07.31"]
[SourceQuality "1"]

1. e4 c5 2. Nf3 d6 3. d4 cxd4 4. Nxd4 g6 5. Nc3 Bg7 6. Be3 Nc6 7. Qd2 Nf6 8. f3 0-0 9. Bc4 Bd7 10. 0-0-0 Rc8 11. Bb3 Na5 12. Kb1 Nc4 13. Bxc4 Rxc4 14. h4 b5 15. h5 b4 16. Nce2 a5 17. hxg6 fxg6 18. Nf5 gxf5 19. Qd5+ Kh8 20. Qxc4 fxe4 21. fxe4 Ng4 22. Bd4 Ne5 23. Qb3 Bg4 24. Qe3 Qe8 25. Rdf1 a4 26. Rxf8+ Qxf8 27. Nf4 Kg8 28. Qg3 a3 29. Bxe5 dxe5 30. Qxg4 exf4 31. Qe6+ Kh8 32. Rd1 Bxb2 33. Rd7 Bf6 34. e5 Bg5 35. Qd5 Kg7 36. Rd8 Qf7 37. Qc5 Qf5 38. Qxb4 Qxe5 39. Qd4 Bf6 40. Qxe5 Bxe5 41. c4 Bd6 42. Kc2 Kf6 43. Kd3 Kf5 44. Rf8+ Kg4 45. Ke4 Kg3 46. Rg8+ Kf2 47. Rg5 e5 48. c5 Bxc5 49. Rxe5 Be3 50. Rh5 Kxg2 51. Rxh7 Bc1 52. Rc7 Be3 53. Rc3 Kg3 54. Rxa3 Kf2 55. Rb3 Kg2 56. a4 Kf2 57. a5 Ke2 58. a6 Kd2 59. Ra3 Ba7 60. Kxf4 Kc2 61. Ke4 Kb2 62. Rh3 1-0

[Event "Titled Tuesday intern op 21st Feb Early"]
[Site "Chess.com INT"]
[Date "2023.02.21"]
[Round "3"]
[White "Pranav, V."]
[Black "Perera Alfonso, Rene Humberto"]
[Result "1-0"]
[WhiteElo "2545"]
[BlackElo "2320"]
[PlyCount "61"]
[EventDate "2023.02.21"]
[EventType "swiss (blitz)"]
[EventRounds "11"]
[EventCountry "USA"]
[SourceTitle "CBM 212 Extra"]
[Source "ChessBase"]
[SourceDate "2023.03.31"]
[SourceVersion "1"]
[SourceVersionDate "2023.03.31"]
[SourceQuality "1"]

1. e4 c5 2. Nf3 d6 3. d4 cxd4 4. Nxd4 Nf6 5. Nc3 g6 6. Be3 Bg7 7. f3 0-0 8. Bc4 Nc6 9. Qd2 Bd7 10. 0-0-0 Rc8 11. Bb3 Nxd4 12. Bxd4 b5 13. Nd5 Nxd5 14. Bxg7 Kxg7 15. exd5 a5 16. c3 a4 17. Bc2 b4 18. Qd4+ Kg8 19. Qxb4 Rb8 20. Qd4 Qa5 21. Rd2 Rb6 22. Re1 e5 23. dxe6 Bxe6 24. Qxa4 Qg5 25. f4 Qc5 26. f5 Bxf5 27. Qd4 Bxc2 28. Qxc5 dxc5 29. Kxc2 Ra8 30. Kb1 h5 31. Re5 1-0

[Event "Titled Tuesday intern op 27th Sep Early"]
[Site "Chess.com INT"]
[Date "2022.09.27"]
[Round "1"]
[White "Perera Alfonso, Rene Humberto"]
[Black "Itkis, Boris"]
[Result "1-0"]
[WhiteElo "2320"]
[BlackElo "2332"]
[PlyCount "53"]
[EventDate "2022.09.27"]
[EventType "swiss (blitz)"]
[EventRounds "11"]
[EventCountry "USA"]
[SourceTitle "CBM 210 Extra"]
[Source "ChessBase"]
[SourceDate "2022.11.30"]
[SourceVersion "1"]
[SourceVersionDate "2022.11.30"]
[SourceQuality "1"]

1. e4 e5 2. Nf3 Nf6 3. Nxe5 d6 4. Nf3 Nxe4 5. d4 d5 6. Bd3 Bd6 7. 0-0 0-0 8. c4 c6 9. Nc3 Nxc3 10. bxc3 dxc4 11. Bxc4 Bf5 12. Re1 Nd7 13. Bg5 Nf6 14. Nh4 Bg6 15. Nxg6 hxg6 16. Qf3 b5 17. Bb3 Rc8 18. h3 Ba3 19. Rad1 Qd6 20. Bf4 Qd7 21. Be5 Nd5 22. c4 bxc4 23. Bxc4 Bb4 24. Re4 Nc3 25. Rh4 Nxd1 26. Qf4 Qf5 27. Rh8+ 1-0

[Event "Titled Tuesday intern op 27th Sep Early"]
[Site "Chess.com INT"]
[Date "2022.09.27"]
[Round "2"]
[White "Svane, Frederik"]
[Black "Perera Alfonso, Rene Humberto"]
[Result "1-0"]
[WhiteElo "2566"]
[BlackElo "2320"]
[PlyCount "39"]
[EventDate "2022.09.27"]
[EventType "swiss (blitz)"]
[EventRounds "11"]
[EventCountry "USA"]
[SourceTitle "CBM 210 Extra"]
[Source "ChessBase"]
[SourceDate "2022.11.30"]
[SourceVersion "1"]
[SourceVersionDate "2022.11.30"]
[SourceQuality "1"]

1. c4 e5 2. d3 Nc6 3. g3 f5 4. Bg2 Nf6 5. Nc3 Bc5 6. e3 f4 7. exf4 0-0 8. Nge2 d6 9. 0-0 Qe8 10. fxe5 dxe5 11. Be3 Bxe3 12. fxe3 Qh5 13. Nd5 Bg4 14. Nxf6+ Rxf6 15. Rxf6 Bxe2 16. Qb3 Na5 17. Qb5 gxf6 18. Qxa5 Bxd3 19. Qd5+ Kh8 20. Qxd3 1-0

[Event "Titled Tuesday intern op 30th Aug Early"]
[Site "Chess.com INT"]
[Date "2022.08.30"]
[Round "2"]
[White "Gurel, Ediz"]
[Black "Perera Alfonso, Rene Humberto"]
[Result "1/2-1/2"]
[WhiteElo "2432"]
[BlackElo "2320"]
[PlyCount "142"]
[EventDate "2022.08.30"]
[EventType "swiss (blitz)"]
[EventRounds "11"]
[EventCountry "USA"]
[SourceTitle "EXT 2023"]
[Source "ChessBase"]
[SourceDate "2022.10.05"]
[SourceVersion "1"]
[SourceVersionDate "2022.10.05"]
[SourceQuality "1"]

1. e4 c5 2. Nf3 d6 3. Bb5+ Bd7 4. Qe2 Nc6 5. 0-0 Nf6 6. Nc3 e6 7. d3 Be7 8. Bxc6 Bxc6 9. e5 Nd5 10. Ne4 0-0 11. b3 b6 12. Bb2 Nf4 13. Qe3 Ng6 14. exd6 Bxd6 15. Nxd6 Qxd6 16. Rfe1 Qd5 17. h3 Rfe8 18. Rad1 e5 19. Qe4 Qd7 20. Qe3 f6 21. Nd2 Nf4 22. f3 Qf5 23. Kh2 a5 24. Nc4 Reb8 25. a4 Qg6 26. Qf2 Rb7 27. g3 Nd5 28. Re2 h5 29. h4 Rd8 30. Rde1 Rbd7 31. Kg1 Nf4 32. Kh2 Nxe2 33. Rxe2 Rb7 34. Qe3 Qf5 35. Rf2 Bd5 36. Nd2 Rbd7 37. f4 exf4 38. Rxf4 Qe6 39. Qxe6+ Bxe6 40. Re4 Bf7 41. Kg1 Re8 42. Rxe8+ Bxe8 43. Nc4 Rb7 44. Nd6 Rb8 45. Bc1 Bf7 46. Bf4 Rd8 47. Nc4 Bxc4 48. bxc4 Kf7 49. Bc7 Re8 50. Bxb6 Re2 51. Bxa5 Rxc2 52. Bb6 Rc3 53. Bxc5 Rxd3 54. Bb6 Rxg3+ 55. Kf2 Ra3 56. a5 Ke6 57. c5 Kd5 58. Kg2 g5 59. hxg5 fxg5 60. Bd8 Kxc5 61. Be7+ Kb5 62. Bxa3 Kxa5 63. Be7 g4 64. Bh4 Kb5 65. Kg3 Kc4 66. Bg5 Kd3 67. Bd8 Ke4 68. Bh4 Kf5 69. Bd8 Ke4 70. Bh4 Kf5 71. Bd8 Ke4 1/2-1/2

[Event "Titled Tuesday intern op 30th Aug Early"]
[Site "Chess.com INT"]
[Date "2022.08.30"]
[Round "3"]
[White "Vakhlamov, Igor L"]
[Black "Perera Alfonso, Rene Humberto"]
[Result "1-0"]
[WhiteElo "2413"]
[BlackElo "2320"]
[PlyCount "55"]
[EventDate "2022.08.30"]
[EventType "swiss (blitz)"]
[EventRounds "11"]
[EventCountry "USA"]
[SourceTitle "EXT 2023"]
[Source "ChessBase"]
[SourceDate "2022.10.05"]
[SourceVersion "1"]
[SourceVersionDate "2022.10.05"]
[SourceQuality "1"]

1. e4 c5 2. Nf3 d6 3. Nc3 Nf6 4. d4 cxd4 5. Qxd4 Nc6 6. Bb5 Qd7 7. Bxc6 bxc6 8. e5 dxe5 9. Qxe5 e6 10. Bg5 Be7 11. Rd1 Qb7 12. Ne4 Qb4+ 13. Nfd2 Nxe4 14. Bxe7 Qxe7 15. Nxe4 0-0 16. 0-0 Ba6 17. Rfe1 Rad8 18. b3 h6 19. h3 Rd5 20. Qg3 Rfd8 21. Rc1 c5 22. c4 Rf5 23. Rcd1 Bb7 24. Rxd8+ Qxd8 25. Nd6 Qa5 26. Re2 Rg5 27. Nxb7 Qa3 28. Qd3 1-0

[Event "Titled Tuesday intern op 16th Aug Early"]
[Site "Chess.com INT"]
[Date "2022.08.16"]
[Round "3"]
[White "Perera Alfonso, Rene Humberto"]
[Black "Reprintsev, Alexander"]
[Result "0-1"]
[WhiteElo "2320"]
[BlackElo "2350"]
[PlyCount "44"]
[EventDate "2022.08.16"]
[EventType "swiss (blitz)"]
[EventRounds "11"]
[EventCountry "USA"]
[SourceTitle "EXT 2023"]
[Source "ChessBase"]
[SourceDate "2022.10.05"]
[SourceVersion "1"]
[SourceVersionDate "2022.10.05"]
[SourceQuality "1"]

1. e4 d5 2. exd5 Qxd5 3. Nc3 Qa5 4. d4 Nf6 5. Nf3 Nc6 6. Bb5 Ne4 7. 0-0 Nxc3 8. bxc3 Qxb5 9. d5 Nd8 10. Qd4 e6 11. c4 Qc5 12. Qh4 Be7 13. Qg3 Bf6 14. Rb1 0-0 15. Rd1 Qxc4 16. Ne5 Qxc2 17. Bb2 exd5 18. h3 Be6 19. Rdc1 Qf5 20. Ng4 Bg5 21. Re1 h5 22. Ne3 Qf4 0-1

[Event "Titled Tuesday intern op 02nd Aug Late"]
[Site "Chess.com INT"]
[Date "2022.08.02"]
[Round "1"]
[White "Bach, Matthias"]
[Black "Perera Alfonso, Rene Humberto"]
[Result "0-1"]
[WhiteElo "2220"]
[BlackElo "2320"]
[PlyCount "100"]
[EventDate "2022.08.02"]
[EventType "swiss (blitz)"]
[EventRounds "11"]
[EventCountry "USA"]
[SourceTitle "EXT 2023"]
[Source "ChessBase"]
[SourceDate "2022.10.05"]
[SourceVersion "1"]
[SourceVersionDate "2022.10.05"]
[SourceQuality "1"]

1. d4 d5 2. c4 c6 3. Nc3 Nf6 4. Nf3 dxc4 5. e4 b5 6. Be2 b4 7. Na4 Nxe4 8. Bxc4 e6 9. 0-0 Be7 10. Re1 Nf6 11. Ne5 0-0 12. Bg5 Bb7 13. Nxf7 Rxf7 14. Bxe6 Bc8 15. Bxf7+ Kxf7 16. Bxf6 Bxf6 17. Qh5+ g6 18. Qxh7+ Bg7 19. Re3 Qg8 20. Qh4 Bf6 21. Qf4 Nd7 22. Rae1 Qf8 23. Nc5 Nxc5 24. dxc5 Qxc5 25. Re7+ Qxe7 26. Rxe7+ Kxe7 27. Qc7+ Bd7 28. h3 a5 29. b3 a4 30. Qb6 Bc3 31. Qe3+ Kf7 32. Qf3+ Kg7 33. Qd3 Bf5 34. Qd6 axb3 35. axb3 Re8 36. Qc7+ Kf6 37. Qxc6+ Re6 38. Qc5 Re1+ 39. Kh2 Be5+ 40. g3 Be4 41. Qf8+ Ke6 42. Qe8+ Kf6 43. Qf8+ Ke6 44. Qe8+ Kd5 45. Qd7+ Bd6 46. f3 Re2+ 47. Kg1 Bd3 48. Qf7+ Kc6 49. Qa7 Bc5+ 50. Qxc5+ Kxc5 0-1

[Event "Titled Tuesday intern op 02nd Aug Early"]
[Site "Chess.com INT"]
[Date "2022.08.02"]
[Round "9"]
[White "Begunov, Konstantin"]
[Black "Perera Alfonso, Rene Humberto"]
[Result "1-0"]
[WhiteElo "2325"]
[BlackElo "2320"]
[PlyCount "197"]
[EventDate "2022.08.02"]
[EventType "swiss (blitz)"]
[EventRounds "11"]
[EventCountry "USA"]
[SourceTitle "EXT 2023"]
[Source "ChessBase"]
[SourceDate "2022.10.05"]
[SourceVersion "1"]
[SourceVersionDate "2022.10.05"]
[SourceQuality "1"]

1. d4 d5 2. c4 c6 3. Nc3 Nf6 4. Nf3 dxc4 5. a4 Bf5 6. e3 e6 7. Bxc4 Bb4 8. 0-0 Nbd7 9. Nh4 Bg4 10. Qb3 a5 11. f3 Nd5 12. g3 Bh3 13. Ng2 N5b6 14. Be2 h5 15. e4 h4 16. g4 e5 17. Be3 exd4 18. Bxd4 Nc5 19. Qd1 0-0 20. Rf2 Bxg2 21. Kxg2 Ne6 22. Be3 Bc5 23. Qc1 Bxe3 24. Qxe3 Qc7 25. e5 Rad8 26. f4 Nd5 27. Qe4 Ndxf4+ 28. Rxf4 Rd4 29. Qxd4 Nxd4 30. Rxd4 Qxe5 31. Re4 Qg5 32. Bc4 Rd8 33. Rf1 Rd2+ 34. Kh3 Rd7 35. Ref4 Qc5 36. Bxf7+ Kh7 37. g5 Qxg5 38. Rxh4+ Qxh4+ 39. Kxh4 Rd4+ 40. Kg3 Rb4 41. Rf2 g5 42. Be6 Kh6 43. Bg4 b5 44. h3 bxa4 45. Bd1 a3 46. b3 Rd4 47. Rc2 c5 48. Kg2 c4 49. bxc4 Rxc4 50. Kf2 Rh4 51. Bg4 Kg7 52. Ra2 Rh8 53. Rxa3 Rf8+ 54. Ke3 Re8+ 55. Ne4 Re5 56. Rc3 Kf8 57. Rc5 Re7 58. Rxg5 Ra7 59. Rc5 a4 60. Rc2 a3 61. Ra2 Ke7 62. Kd2 Ra4 63. Nc3 Ra5 64. Nb1 Rd5+ 65. Ke3 Rb5 66. Nxa3 Ra5 67. Ra1 Ra7 68. Nc2 Rc7 69. Nd4 Rc3+ 70. Ke4 Rc4 71. Ra7+ Kd6 72. Ra6+ Ke7 73. Kd5 Rc1 74. Nf5+ Kf7 75. Ke5 Re1+ 76. Kd5 Rc1 77. Nd4 Kg7 78. Ke5 Rf1 79. Nf3 Kf7 80. Kf5 Ke7 81. Kg5 Kd8 82. h4 Kc7 83. Re6 Kd8 84. h5 Kd7 85. h6 Rxf3 86. Bxf3 Kxe6 87. Kg6 Ke7 88. Kg7 Ke6 89. h7 Kf5 90. h8Q Kf4 91. Qh5 Ke3 92. Ba8 Kf2 93. Qh3 Ke1 94. Qg2 Kd1 95. Kf6 Kc1 96. Ke5 Kd1 97. Kd4 Kc1 98. Kc3 Kb1 99. Qb2# 1-0

[Event "Titled Tuesday intern op 02nd Aug Early"]
[Site "Chess.com INT"]
[Date "2022.08.02"]
[Round "6"]
[White "Culum, Sanjin"]
[Black "Perera Alfonso, Rene Humberto"]
[Result "0-1"]
[WhiteElo "2351"]
[BlackElo "2320"]
[PlyCount "65"]
[EventDate "2022.08.02"]
[EventType "swiss (blitz)"]
[EventRounds "11"]
[EventCountry "USA"]
[SourceTitle "EXT 2023"]
[Source "ChessBase"]
[SourceDate "2022.10.05"]
[SourceVersion "1"]
[SourceVersionDate "2022.10.05"]
[SourceQuality "1"]

1. Nf3 d5 2. b3 Nf6 3. Bb2 Bg4 4. e3 Nbd7 5. d4 e6 6. h3 Bh5 7. Nbd2 Bd6 8. Bd3 0-0 9. c4 c6 10. Qc2 a5 11. a4 Qe7 12. 0-0 Rac8 13. Ne5 c5 14. Nxd7 Qxd7 15. cxd5 cxd4 16. Nc4 exd5 17. Bf5 Qc6 18. Bxc8 Rxc8 19. Nxd6 Qxc2 20. Rac1 dxe3 21. Rxc2 Rxc2 22. Bxf6 e2 23. Re1 gxf6 24. f3 d4 25. Kf2 d3 26. Rb1 Bg6 27. Ne4 f5 28. Nf6+ Kg7 29. Nd5 d2 30. Kxe2 Rc1 31. Nc3 d1Q+ 32. Nxd1 Rxb1 33. Ne3 0-1

[Event "Titled Tuesday intern op 02nd Aug Late"]
[Site "Chess.com INT"]
[Date "2022.08.02"]
[Round "11"]
[White "Harshavardhan, GB."]
[Black "Perera Alfonso, Rene Humberto"]
[Result "1-0"]
[WhiteElo "2397"]
[BlackElo "2320"]
[PlyCount "135"]
[EventDate "2022.08.02"]
[EventType "swiss (blitz)"]
[EventRounds "11"]
[EventCountry "USA"]
[SourceTitle "EXT 2023"]
[Source "ChessBase"]
[SourceDate "2022.10.05"]
[SourceVersion "1"]
[SourceVersionDate "2022.10.05"]
[SourceQuality "1"]

1. d4 d5 2. c4 c6 3. Nf3 Nf6 4. Nc3 dxc4 5. a4 Bf5 6. Ne5 Na6 7. e3 Nb4 8. Bxc4 e6 9. 0-0 Be7 10. Qe2 0-0 11. Rd1 h6 12. e4 Bh7 13. f3 a5 14. Be3 Rc8 15. Rac1 Qc7 16. Bf4 Qb6 17. Kh1 Rfd8 18. Be3 Qc7 19. Bb3 Qb8 20. Qc4 Rf8 21. Qe2 c5 22. Nc4 b6 23. Nb5 cxd4 24. Bxd4 Bc5 25. Be5 Qa8 26. Bd6 Rfd8 27. Bxc5 Rxc5 28. Nxb6 Rxd1+ 29. Qxd1 Rxc1 30. Qxc1 Qb7 31. Nd6 Qb8 32. Qc8+ Qxc8 33. Nbxc8 Nd7 34. Nc4 Nc6 35. N8d6 Nc5 36. Bc2 e5 37. Kg1 Kf8 38. Kf2 Ke7 39. Ke3 f6 40. g3 Bg8 41. f4 Kd7 42. Bd1 Bxc4 43. Nxc4 Kc7 44. fxe5 fxe5 45. h4 g6 46. g4 Ne6 47. Nd2 g5 48. hxg5 hxg5 49. Nf3 Kd6 50. Bb3 Ncd4 51. Bxe6 Nxe6 52. Nd2 Nc5 53. b3 Ke6 54. Ke2 Kf6 55. Kd1 Ke6 56. Kc2 Kf6 57. Kc3 Ke6 58. Kc4 Kd6 59. Kb5 Nd3 60. Kxa5 Nf2 61. Kb5 Nxg4 62. Nf3 Nf2 63. Nxg5 Nxe4 64. Nxe4+ Kd5 65. Ng5 Kd4 66. a5 Kc3 67. a6 Kxb3 68. a7 1-0

[Event "Titled Tuesday intern op 02nd Aug Early"]
[Site "Chess.com INT"]
[Date "2022.08.02"]
[Round "2"]
[White "Jubin, Jimmy"]
[Black "Perera Alfonso, Rene Humberto"]
[Result "1-0"]
[WhiteElo "2252"]
[BlackElo "2320"]
[PlyCount "97"]
[EventDate "2022.08.02"]
[EventType "swiss (blitz)"]
[EventRounds "11"]
[EventCountry "USA"]
[SourceTitle "EXT 2023"]
[Source "ChessBase"]
[SourceDate "2022.10.05"]
[SourceVersion "1"]
[SourceVersionDate "2022.10.05"]
[SourceQuality "1"]

1. d4 d5 2. c4 c6 3. Nc3 Nf6 4. Nf3 dxc4 5. a4 Bf5 6. Ne5 Na6 7. f3 Nd7 8. Nxc4 e5 9. dxe5 Qh4+ 10. g3 Qxc4 11. e4 Qe6 12. exf5 Qxe5+ 13. Be2 Bc5 14. Bf4 Qxf5 15. Bxa6 bxa6 16. Qe2+ Qe6 17. Qxe6+ fxe6 18. 0-0-0 e5 19. Rhe1 0-0-0 20. Bxe5 Nxe5 21. Rxe5 Rxd1+ 22. Kxd1 Rd8+ 23. Kc2 Bd6 24. Re4 a5 25. f4 Kc7 26. Rd4 Re8 27. Ne4 Bb4 28. b3 h6 29. Kd3 Re6 30. h3 Re7 31. g4 Rf7 32. Ng3 c5 33. Re4 Rd7+ 34. Kc4 a6 35. Nf5 Rf7 36. Re7+ Rxe7 37. Nxe7 Bd2 38. f5 Kd6 39. Nd5 Bg5 40. Nc3 Be3 41. Ne4+ Kc6 42. h4 Bd4 43. g5 hxg5 44. hxg5 Be3 45. f6 gxf6 46. g6 Bh6 47. Nxf6 Kd6 48. g7 Bxg7 49. Ne8+ 1-0

[Event "Titled Tuesday intern op 02nd Aug Late"]
[Site "Chess.com INT"]
[Date "2022.08.02"]
[Round "4"]
[White "Perera Alfonso, Rene Humberto"]
[Black "Olenik Campa, Rudi"]
[Result "1-0"]
[WhiteElo "2320"]
[BlackElo "2203"]
[PlyCount "49"]
[EventDate "2022.08.02"]
[EventType "swiss (blitz)"]
[EventRounds "11"]
[EventCountry "USA"]
[SourceTitle "EXT 2023"]
[Source "ChessBase"]
[SourceDate "2022.10.05"]
[SourceVersion "1"]
[SourceVersionDate "2022.10.05"]
[SourceQuality "1"]

1. e4 c5 2. Nf3 Nc6 3. d4 cxd4 4. Nxd4 Nf6 5. Nc3 e5 6. Ndb5 d6 7. Bg5 a6 8. Na3 b5 9. Bxf6 gxf6 10. Nd5 f5 11. Nxb5 axb5 12. Bxb5 Bb7 13. exf5 Qa5+ 14. b4 Qd8 15. f6 Rg8 16. 0-0 Qd7 17. Qf3 Kd8 18. Qe3 Nd4 19. Bxd7 Bxd5 20. Bh3 Rc8 21. Rad1 Rc3 22. Rd3 Rxc2 23. Rxd4 exd4 24. Qxd4 Bc6 25. Qb6+ 1-0

[Event "Titled Tuesday intern op 02nd Aug Early"]
[Site "Chess.com INT"]
[Date "2022.08.02"]
[Round "8"]
[White "Perera Alfonso, Rene Humberto"]
[Black "Omariev, Maksim"]
[Result "1-0"]
[WhiteElo "2320"]
[BlackElo "2304"]
[PlyCount "71"]
[EventDate "2022.08.02"]
[EventType "swiss (blitz)"]
[EventRounds "11"]
[EventCountry "USA"]
[SourceTitle "EXT 2023"]
[Source "ChessBase"]
[SourceDate "2022.10.05"]
[SourceVersion "1"]
[SourceVersionDate "2022.10.05"]
[SourceQuality "1"]

1. e4 c5 2. Nf3 d6 3. d4 cxd4 4. Nxd4 Nf6 5. Nc3 a6 6. Be3 Ng4 7. Bc1 Nf6 8. h3 e6 9. Be3 b5 10. Bd3 Bb7 11. a3 Nbd7 12. Qe2 Nc5 13. 0-0-0 Be7 14. e5 dxe5 15. Nxe6 Nxe6 16. Bxb5+ axb5 17. Rxd8+ Nxd8 18. Qxb5+ Nd7 19. Nd5 Bc6 20. Nc7+ Kf8 21. Qd3 Rc8 22. Nd5 Nc5 23. Qc4 Bxd5 24. Qxd5 f6 25. Rd1 Nce6 26. Bb6 Kf7 27. g3 Nc6 28. f4 g6 29. fxe5 Nxe5 30. Rf1 Ke8 31. Qxe6 Rc6 32. Qb3 Kd7 33. Bd4 Rhc8 34. Bxe5 fxe5 35. Kb1 Bd6 36. Rf7+ 1-0

[Event "Titled Tuesday intern op 02nd Aug Late"]
[Site "Chess.com INT"]
[Date "2022.08.02"]
[Round "3"]
[White "Perera Alfonso, Rene Humberto"]
[Black "Stelmaszyk, Nico"]
[Result "1-0"]
[WhiteElo "2320"]
[BlackElo "2287"]
[PlyCount "47"]
[EventDate "2022.08.02"]
[EventType "swiss (blitz)"]
[EventRounds "11"]
[EventCountry "USA"]
[SourceTitle "EXT 2023"]
[Source "ChessBase"]
[SourceDate "2022.10.05"]
[SourceVersion "1"]
[SourceVersionDate "2022.10.05"]
[SourceQuality "1"]

1. e4 e5 2. Nf3 Nf6 3. Nxe5 Nxe4 4. Qe2 Qe7 5. Qxe4 d6 6. d4 dxe5 7. dxe5 Nc6 8. Nc3 Qxe5 9. Bf4 Qxe4+ 10. Nxe4 Bf5 11. Bd3 0-0-0 12. 0-0-0 Bg6 13. Rhe1 Nb4 14. Bc4 Rxd1+ 15. Kxd1 Be7 16. a3 Rd8+ 17. Kc1 Nd5 18. Bd2 Nb6 19. Bb3 Bf8 20. Ng5 f6 21. Ne6 Re8 22. Nxf8 Rxf8 23. Re7 c5 24. Be6+ 1-0

[Event "Titled Tuesday intern op 02nd Aug Early"]
[Site "Chess.com INT"]
[Date "2022.08.02"]
[Round "4"]
[White "Sjugirov, Sanan"]
[Black "Perera Alfonso, Rene Humberto"]
[Result "0-1"]
[WhiteElo "2703"]
[BlackElo "2320"]
[PlyCount "82"]
[EventDate "2022.08.02"]
[EventType "swiss (blitz)"]
[EventRounds "11"]
[EventCountry "USA"]
[SourceTitle "EXT 2023"]
[Source "ChessBase"]
[SourceDate "2022.10.05"]
[SourceVersion "1"]
[SourceVersionDate "2022.10.05"]
[SourceQuality "1"]

1. e4 c5 2. Nf3 d6 3. Bb5+ Bd7 4. Bxd7+ Qxd7 5. 0-0 Nc6 6. Re1 Nf6 7. c3 e6 8. d4 cxd4 9. cxd4 d5 10. e5 Ne4 11. Nbd2 Nxd2 12. Bxd2 Be7 13. g3 0-0 14. h4 Rfc8 15. Kg2 Nb4 16. Bc3 b5 17. h5 h6 18. Qe2 Rab8 19. g4 Nc6 20. Bd2 b4 21. Be3 Na5 22. g5 Qb5 23. gxh6 Qxe2 24. Rxe2 gxh6 25. Bxh6 Rc4 26. Kh3 Kh7 27. Bg5 Bf8 28. Rg1 Nc6 29. Rg4 b3 30. a3 Rc2 31. Bf6 Bh6 32. Re1 Rg8 33. Rxg8 Kxg8 34. Rg1+ Kh7 35. Ng5+ Bxg5 36. Rxg5 Nxd4 37. Rg7+ Kh6 38. Rxf7 Kxh5 39. Rxa7 Rxb2 40. Rh7+ Kg6 41. Rg7+ Kf5 0-1